Minería transnacional, narrativas del desarrollo y resistencias sociales /
La autora pretende aportar un análisis crítico de las formas que adopta el discurso hegemónico y los nuevos mecanismos de expropiación y dominio en torno a la megaminería a cielo abierto, así como dar cuenta de las luchas y resistencia que, bajo la forma de asambleas autoconvocados y en total asimet...
Kaydedildi:
| Yazar: | |
|---|---|
| Diğer Yazarlar: | |
| Materyal Türü: | Bilinmiyor |
| Baskı/Yayın Bilgisi: |
Buenos Aires:
Biblos
|
| Konular: | |
| Etiketler: |
Etiketle
Etiket eklenmemiş, İlk siz ekleyin!
|
MARC
| LEADER | 00000 a2200000 04500 | ||
|---|---|---|---|
| 001 | 39743 | ||
| 003 | cru IIS | ||
| 005 | 20220516171259.0 | ||
| 008 | 991231s2009 Ag d | ||
| 020 | |a 978-950-786-709-5 | ||
| 022 | |a 978-950-786-709-5 | ||
| 040 | |c cru IIS | ||
| 090 | |a 08.13.01 S968m | ||
| 100 | |a Svampa, Maristella | ||
| 245 | |a Minería transnacional, narrativas del desarrollo y resistencias sociales / |c editado por Maristella Svampa, Mirta A. Antonelli | ||
| 260 | |a Buenos Aires: |b Biblos | ||
| 300 | |a 319 páginas | ||
| 520 | |a La autora pretende aportar un análisis crítico de las formas que adopta el discurso hegemónico y los nuevos mecanismos de expropiación y dominio en torno a la megaminería a cielo abierto, así como dar cuenta de las luchas y resistencia que, bajo la forma de asambleas autoconvocados y en total asimetría de poder, se han venido generando en el país contra este modelo de desarrollo , Con ello se apunta a traer a la palestra una verdadera discusión pública ya académica sobre los niveles y sentidos qeu hoy recubren el término "desarrollo" | ||
| 650 | |a MINERIA | ||
| 650 | |2 Macrothesauros de la OCDE/ | ||
| 650 | |a ESTADO | ||
| 650 | |2 Macrothesauros de la OCDE/ | ||
| 650 | |a MEDIO AMBIENTE | ||
| 650 | |2 Macrothesauros de la OCDE/ | ||
| 650 | |a MEDIOS DE COMUNICACION | ||
| 650 | |2 Macrothesauros de la OCDE/ | ||
| 650 | |a EMPRESAS TRANSNACIONALES | ||
| 650 | |2 Macrothesauros de la OCDE/ | ||
| 650 | |a EXTRATIVISMO | ||
| 650 | |2 Listado Unificado de CLACSO/ | ||
| 650 | |a MOVIMIENTOS ECOLOGISTAS | ||
| 650 | |2 Listado Unificado de CLACSO/ | ||
| 651 | |a ARGENTINA | ||
| 700 | |a Antonelli, Mirta A. |a Arias Toledo, María Eugenia |a Bottaro, Lorena |a Giovannini, Silvina |a Hadad, Gisela |a Marín, Marcela |a Machado Aráoz, Horacio |a Orellana, Mauro |a Rochietti, Dolores |a Sola Alvarez, Marian |a Vega, Angélica | ||
| 942 | |2 z |c LI | ||
| 999 | |c 7911 |d 7911 | ||



